Japan Logo Quiz! #3 - Statistics

General Stats
  • This quiz has been taken 59 times
  • The average score is 10 of 24
Answer Stats
Picture Answer % Correct
Pikachu
88%
7 Eleven
83%
Nintendo Switch
76%
Pioneer
62%
Brother
52%
Daihatsu
50%
Scion
48%
Hello Panda
43%
N64
43%
ANA
40%
Kenwood
40%
Vaio
40%
Mizuno
38%
Kawasaki
36%
Pocky
36%
Hitachi
33%
Shimano
31%
Citizen
24%
Ricoh
24%
Shiseido
21%
Kyocera
19%
Asiana Airlines
17%
TDK
17%
Sony Interactive
14%
No matching quizzes found
Score Distribution
Percent of People with Each Score
Percentile by Number Answered
Your Score History
You have not taken this quiz